[Event "31.Schlosspark-Open"]
[Site "Wiesbaden-Biebrich"]
[Date "2019.08.25"]
[Round "7.52"]
[White "Kolker, Vladislav"]
[Black "Jess, Geralf"]
[Result "1/2-1/2"]
[WhiteElo "1977"]
[BlackElo "1729"]
[PlyCount "37"]
[EventDate "2019.??.??"]
[WhiteTeam "SC Bad Nauheim"]
[BlackTeam "SC Matt im Park"]

1. e4 d5 2. exd5 Qxd5 3. Nc3 Qa5 4. d4 c6 5. Bc4 Nf6 6. Qe2 Bf5 7. Bd2 Qc7 8.
O-O-O Nbd7 9. Nf3 h6 10. Ne5 e6 11. Rhe1 Nxe5 12. dxe5 Nd5 13. g4 Bg6 14. f4
O-O-O 15. Qf2 Qb6 16. Qf3 Bb4 17. Nxd5 cxd5 18. Bb3 Be4 19. Qe2 1/2-1/2

[Event "31.Schlosspark-Open"]
[Site "Wiesbaden-Biebrich"]
[Date "2019.08.25"]
[Round "7.53"]
[White "Dohmes, Swidbert"]
[Black "Eg, Karlheinz"]
[Result "1/2-1/2"]
[WhiteElo "1732"]
[BlackElo "1888"]
[PlyCount "52"]
[EventDate "2019.??.??"]
[WhiteTeam "SV Hofheim"]
[BlackTeam "SV Rüsselsheim"]

1. e4 e5 2. Nf3 Nc6 3. Nc3 Nf6 4. Bb5 d6 5. h3 Be7 6. O-O O-O 7. d3 a6 8. Ba4
b5 9. Bb3 Na5 10. Bd2 Nxb3 11. axb3 Bb7 12. Ne2 c5 13. Ng3 g6 14. Bh6 Re8 15.
Qd2 Kh8 16. Ng5 Kg8 17. f4 Bf8 18. Bxf8 Rxf8 19. Nf3 Kg7 20. fxe5 dxe5 21. Qc3
Nd7 22. b4 cxb4 23. Qxb4 Qb6+ 24. Kh2 a5 25. Qe7 Qd8 26. Qxd8 Rfxd8 1/2-1/2

[Event "31.Schlosspark-Open"]
[Site "Wiesbaden-Biebrich"]
[Date "2019.08.25"]
[Round "7.54"]
[White "Michalski, Uwe"]
[Black "Froehlich-Dill, Astrid"]
[Result "1/2-1/2"]
[WhiteElo "1730"]
[BlackElo "1866"]
[PlyCount "112"]
[EventDate "2019.??.??"]
[WhiteTeam "SF Mainz"]
[BlackTeam "SV Hofheim"]

1. e4 e6 2. d4 b6 3. f4 Bb7 4. Bd3 Nf6 5. Qe2 Nc6 6. c3 Ne7 7. g4 d5 8. e5 Ne4
9. Nd2 Nxd2 10. Bxd2 g6 11. h4 h5 12. f5 gxf5 13. gxf5 Nxf5 14. Bxf5 exf5 15.
Nf3 Qd7 16. O-O-O O-O-O 17. Rdg1 Qa4 18. Kb1 Ba6 19. Qf2 Bd3+ 20. Ka1 Bc4 21.
b3 Bxb3 22. Bg5 Re8 23. Bf6 Rh6 24. Ng5 Bc2 25. Nxf7 Rh7 26. Ng5 Rd7 27. Rh2
Bd3 28. Qf3 Qc4 29. Rc1 Ba3 30. Rhh1 Bxc1 31. Rxc1 c5 32. Qxh5 Rg8 33. e6 Rc7
34. e7 Qa4 35. Qf3 Bc4 36. Qxf5+ Kb7 37. Qf2 Re8 38. Nf7 Rexe7 39. Bxe7 Rxe7
40. Nd6+ Ka6 41. Nxc4 Qxc4 42. Rc2 Re4 43. h5 cxd4 44. cxd4 Qxd4+ 45. Qxd4 Rxd4
46. Rh2 Rc4 47. h6 Rc8 48. h7 Rh8 49. Kb2 Kb5 50. Kb3 Kc5 51. Kc3 b5 52. Rh5 a5
53. a3 b4+ 54. axb4+ axb4+ 55. Kb3 Kd6 56. Kxb4 Ke6 1/2-1/2

[Event "31.Schlosspark-Open"]
[Site "Wiesbaden-Biebrich"]
[Date "2019.08.25"]
[Round "7.55"]
[White "Sefeloge, Michael"]
[Black "Wunschik, Joachim"]
[Result "0-1"]
[WhiteElo "1725"]
[BlackElo "1837"]
[PlyCount "62"]
[EventDate "2019.??.??"]
[WhiteTeam "SV Lahnstein"]
[BlackTeam "SV Rüsselsheim"]

1. d4 c6 2. c4 d5 3. e3 Nf6 4. Nc3 e6 5. Nf3 Bd6 6. Bd3 O-O 7. O-O Nbd7 8. cxd5
exd5 9. Re1 Re8 10. e4 dxe4 11. Bxe4 h6 12. Bd3 Nf8 13. Be3 Bg4 14. h3 Bh5 15.
Be2 Bc7 16. Qb3 Qd6 17. g3 Rxe3 18. Ne5 Rxe5 19. dxe5 Qxe5 20. Qxb7 Rb8 21.
Qxc6 Bxe2 22. Rxe2 Qd6 23. Qc4 Bb6 24. Kg2 Ne6 25. Ne4 Nxe4 26. Qxe4 Ng5 27.
Qc4 Qd7 28. Qg4 Qc6+ 29. f3 Re8 30. Rae1 Rxe2+ 31. Rxe2 Qc5 0-1

[Event "31.Schlosspark-Open"]
[Site "Wiesbaden-Biebrich"]
[Date "2019.08.25"]
[Round "7.56"]
[White "Torrijos, Javier"]
[Black "Bjoerknes, Uwe"]
[Result "1-0"]
[WhiteElo "1689"]
[BlackElo "1825"]
[PlyCount "81"]
[EventDate "2019.??.??"]
[WhiteTeam "Schachforum Darmstadt"]
[BlackTeam "SK Bad Homburg"]

1. d4 Nf6 2. c4 c5 3. d5 e6 4. Nc3 exd5 5. cxd5 Bd6 6. e4 Be5 7. Nge2 O-O 8. f4
Bxc3+ 9. Nxc3 d6 10. Be2 Re8 11. Qc2 a6 12. a4 Qa5 13. O-O b5 14. Bf3 b4 15.
Ne2 Bg4 16. Ng3 Nbd7 17. h3 Bxf3 18. Rxf3 c4 19. Bd2 Rac8 20. Re3 Qc5 21. Kh2
Nxd5 22. Rf3 b3 23. Qb1 Nb4 24. Bxb4 Qxb4 25. Qd1 Nf6 26. Qd4 Qc5 27. Rd1 Qxd4
28. Rxd4 Rc6 29. Rc3 Rec8 30. Nf5 Kf8 31. e5 dxe5 32. fxe5 Ne8 33. Ne3 Rc5 34.
Rdxc4 Rxc4 35. Rxc4 Rb8 36. Rc6 Rb4 37. Rxa6 Re4 38. Nf5 Re2 39. Ra8 Rxb2 40.
Nd6 Ke7 41. Rxe8+ 1-0

[Event "31.Schlosspark-Open"]
[Site "Wiesbaden-Biebrich"]
[Date "2019.08.25"]
[Round "7.57"]
[White "Jahraus, Marlis"]
[Black "Yue, Qizhou"]
[Result "1-0"]
[WhiteElo "1578"]
[BlackElo "1820"]
[PlyCount "49"]
[EventDate "2019.??.??"]
[WhiteTeam "SC Untergrombach"]
[BlackTeam "SV Multatuli Ingelheim e.V."]

1. e4 c5 2. Be2 Nc6 3. f4 e6 4. Nf3 d5 5. d3 Nf6 6. e5 Nd7 7. O-O Be7 8. c3 b6
9. d4 Bb7 10. Na3 Rc8 11. Nc2 cxd4 12. cxd4 Na5 13. Bd3 Rc6 14. f5 Qc8 15. fxe6
Rxe6 16. Bg5 Ba6 17. Bxe7 Rxe7 18. Nb4 Bxd3 19. Qxd3 Qb7 20. Qb5 O-O 21. Qxd5
Qxd5 22. Nxd5 Ree8 23. Rac1 f6 24. Rc7 Rd8 25. e6 1-0

[Event "31.Schlosspark-Open"]
[Site "Wiesbaden-Biebrich"]
[Date "2019.08.25"]
[Round "7.58"]
[White "Schmitt, Clemens"]
[Black "Schmidt, Martin"]
[Result "1-0"]
[WhiteElo "1813"]
[BlackElo "1679"]
[PlyCount "51"]
[EventDate "2019.??.??"]
[WhiteTeam "SV Bergwinkel"]
[BlackTeam "SC Heuchelheim"]

1. c4 c5 2. g3 g6 3. Bg2 Bg7 4. Nc3 Nc6 5. d3 d6 6. e4 e5 7. Nge2 Nge7 8. O-O
O-O 9. a3 a5 10. Bd2 Bd7 11. Nb5 Be6 12. Qc1 Qd7 13. Nec3 Nd4 14. Nxd4 cxd4 15.
Nb5 Nc6 16. Qe1 f5 17. f4 Rfc8 18. Bh3 Bf8 19. Rf2 Be7 20. Qe2 Rf8 21. Raf1 Rf7
22. exf5 gxf5 23. fxe5 dxe5 24. Qh5 Bf6 25. Bxf5 Raf8 26. Qg4+ 1-0

[Event "31.Schlosspark-Open"]
[Site "Wiesbaden-Biebrich"]
[Date "2019.08.25"]
[Round "7.59"]
[White "Pastor, Alexander"]
[Black "Hipler, Andreas"]
[Result "1/2-1/2"]
[WhiteElo "1668"]
[BlackElo "1801"]
[PlyCount "74"]
[EventDate "2019.??.??"]
[WhiteTeam "SV Hennef"]
[BlackTeam "SK Gau-Algesheim"]

1. d4 Nf6 2. Nf3 e6 3. c4 Bb4+ 4. Bd2 Qe7 5. Qc2 Bxd2+ 6. Nbxd2 d6 7. e3 b6 8.
Be2 Nbd7 9. Rb1 O-O 10. O-O e5 11. d5 Ne8 12. Ne4 g6 13. b4 f5 14. Nc3 Ng7 15.
Rfe1 Nh5 16. Bf1 f4 17. exf4 Nxf4 18. Ne4 Nf6 19. Ng3 h5 20. h4 Kg7 21. Ng5 Ng4
22. f3 Nh6 23. Bd3 Nxd3 24. Qxd3 Nf5 25. f4 Nxh4 26. Nxh5+ Kh6 27. Ng3 Rxf4 28.
N3e4 Rg4 29. Qh3 Rxg2+ 30. Qxg2 Nxg2 31. Kxg2 Bg4 32. Rh1+ Bh5 33. Ne6 c6 34.
Rbf1 cxd5 35. cxd5 Rc8 36. N4g5 Rc2+ 37. Kg1 Rxa2 1/2-1/2

[Event "31.Schlosspark-Open"]
[Site "Wiesbaden-Biebrich"]
[Date "2019.08.25"]
[Round "7.60"]
[White "Merges, Harald"]
[Black "Boscher, Hans"]
[Result "1-0"]
[WhiteElo "1797"]
[BlackElo "1492"]
[PlyCount "69"]
[EventDate "2019.??.??"]
[WhiteTeam "SG Reil-Kinheim"]
[BlackTeam "SC Bad Soden"]

1. e4 e6 2. d4 d5 3. e5 c5 4. c3 Nc6 5. Nf3 cxd4 6. cxd4 Nge7 7. Nc3 Nf5 8. Be2
Be7 9. O-O O-O 10. a3 Nh4 11. Ne1 f5 12. g3 Ng6 13. h4 Bxh4 14. gxh4 Qxh4 15.
Nf3 Qg4+ 16. Kh1 Nf4 17. Bxf4 Qxf4 18. Qd3 Qh6+ 19. Nh2 g5 20. Rad1 Ne7 21. Rg1
Kh8 22. Rg2 Ng6 23. Qg3 g4 24. f3 Nf4 25. Rf2 Nxe2 26. Nxe2 gxf3 27. Qxf3 Rg8
28. Rg2 Bd7 29. Rdg1 Bb5 30. Nf4 Rxg2 31. Rxg2 Rc8 32. Qg3 Rc1+ 33. Rg1 Rxg1+
34. Kxg1 Bd7 35. Nf3 1-0

[Event "31.Schlosspark-Open"]
[Site "Wiesbaden-Biebrich"]
[Date "2019.08.25"]
[Round "7.62"]
[White "Meyer, Marcel"]
[Black "Richter, Tim"]
[Result "1-0"]
[WhiteElo "1770"]
[BlackElo "1430"]
[PlyCount "63"]
[EventDate "2019.??.??"]
[WhiteTeam "SC Herborn"]
[BlackTeam "SF Heidesheim"]

1. d4 Nf6 2. c4 g6 3. Nc3 Bg7 4. e4 d6 5. Nf3 O-O 6. Be2 e5 7. O-O Nc6 8. d5
Ne7 9. b4 Ne8 10. Ne1 f5 11. f3 Nf6 12. Be3 f4 13. Bf2 g5 14. c5 h5 15. cxd6
cxd6 16. h3 Kf7 17. Rc1 Rh8 18. Nb5 a6 19. Nc7 Rb8 20. Ba7 g4 21. Bxb8 gxh3 22.
Ne6 Qg8 23. Bxd6 Bf8 24. Rc7 h2+ 25. Kh1 Qg3 26. Nxf8 h4 27. Rxe7+ Kg8 28. Ne6
Bxe6 29. Bxe5 h3 30. Bxf6 hxg2+ 31. Nxg2 Rh7 32. Rxh7 1-0

[Event "31.Schlosspark-Open"]
[Site "Wiesbaden-Biebrich"]
[Date "2019.08.25"]
[Round "7.63"]
[White "Plaumann, Arvin"]
[Black "Brauch, Manfred"]
[Result "1/2-1/2"]
[WhiteElo "1667"]
[BlackElo "1774"]
[PlyCount "25"]
[EventDate "2019.??.??"]
[WhiteTeam "SF Heidesheim"]
[BlackTeam "SG Pieroth"]

1. d4 c5 2. dxc5 e6 3. Bf4 Bxc5 4. Nc3 Qb6 5. e3 Qxb2 6. Be5 Bb4 7. Nge2 f6 8.
Rb1 Qa3 9. Rb3 Qa5 10. Bd6 Nc6 11. Bxb4 Nxb4 12. a3 Nd5 13. Qd2 1/2-1/2

[Event "31.Schlosspark-Open"]
[Site "Wiesbaden-Biebrich"]
[Date "2019.08.25"]
[Round "7.64"]
[White "Peschk, Kathrin"]
[Black "Meding, Olaf"]
[Result "1/2-1/2"]
[WhiteElo "1359"]
[BlackElo "1762"]
[PlyCount "62"]
[EventDate "2019.??.??"]
[WhiteTeam "SV Groß-Gerau"]
[BlackTeam "SF Mainz"]

1. e4 e6 2. d4 d5 3. exd5 exd5 4. Bd3 Nc6 5. c3 Bd6 6. Nf3 Nf6 7. Bg5 O-O 8.
O-O h6 9. Bh4 Bg4 10. Nbd2 Nb8 11. Qc2 Nbd7 12. Rfe1 c6 13. Bxf6 Qxf6 14. Re2
Rfe8 15. Rae1 Re6 16. h3 Bxf3 17. Nxf3 Rxe2 18. Rxe2 g6 19. Qd1 Nf8 20. Qe1 Ne6
21. Ne5 Nf4 22. Re3 Bxe5 23. dxe5 Qe6 24. Bc2 Re8 25. Kh2 g5 26. Bd1 Qg6 27.
Qd2 b6 28. Bc2 Qg7 29. g3 Ng6 30. Bxg6 Qxg6 31. f4 Qf5 1/2-1/2

[Event "31.Schlosspark-Open"]
[Site "Wiesbaden-Biebrich"]
[Date "2019.08.25"]
[Round "7.65"]
[White "Baumeister, Lutz"]
[Black "Hoffmann, Christian"]
[Result "1/2-1/2"]
[WhiteElo "1505"]
[BlackElo "1883"]
[PlyCount "106"]
[EventDate "2019.??.??"]
[WhiteTeam "Wiesbadener SV"]
[BlackTeam "BKA Wiesbaden"]

1. d4 Nf6 2. Nf3 g6 3. e3 Bg7 4. Bd3 d6 5. h3 O-O 6. O-O c5 7. c3 d5 8. Nbd2 c4
9. Bc2 Nc6 10. Re1 e5 11. dxe5 Nd7 12. Nd4 Bxe5 13. Nxc6 bxc6 14. Nf3 Bc7 15.
e4 Nb6 16. exd5 cxd5 17. Bh6 Bb7 18. Qd4 f6 19. Bxf8 Qxf8 20. Re2 Nd7 21. Rae1
Bc6 22. Re6 Bd6 23. b4 a6 24. R6e2 Ne5 25. a4 Rb8 26. a5 Qf7 27. Nd2 Bb5 28.
Ne4 Bf8 29. Qxd5 Be7 30. Qxf7+ Kxf7 31. f4 Nd3 32. Rf1 Re8 33. Rd2 Bxb4 34.
Bxd3 cxd3 35. cxb4 Rxe4 36. Rb2 d2 37. Rxd2 Bxf1 38. Kxf1 Rxf4+ 39. Ke2 Ke6 40.
Rb2 Kd6 41. b5 axb5 42. Rxb5 Ra4 43. Rb6+ Ke5 44. a6 h5 45. Ke3 Ra3+ 46. Kf2 g5
47. Rb5+ Ke4 48. Rb4+ Kf5 49. Rb5+ Kg6 50. Rb6 g4 51. hxg4 hxg4 52. g3 Kg5 53.
Rb5+ Kg6 1/2-1/2

[Event "31.Schlosspark-Open"]
[Site "Wiesbaden-Biebrich"]
[Date "2019.08.25"]
[Round "7.66"]
[White "Traut, Stefan"]
[Black "Giesau, Bernhard"]
[Result "1/2-1/2"]
[WhiteElo "1559"]
[BlackElo "1811"]
[PlyCount "40"]
[EventDate "2019.??.??"]
[WhiteTeam "SF Heusenstamm"]
[BlackTeam "SK Gau-Algesheim"]

1. d4 d5 2. Nf3 Bf5 3. e3 Nf6 4. c4 e6 5. Nc3 c6 6. Bd3 Bxd3 7. Qxd3 Bd6 8. O-O
O-O 9. b3 Nbd7 10. Bb2 Rc8 11. Rac1 Bb8 12. h3 Re8 13. Rfd1 Qc7 14. cxd5 exd5
15. Re1 Qd6 16. e4 dxe4 17. Nxe4 Rxe4 18. Rxe4 Nxe4 19. Qxe4 Nf6 20. Qc2 Re8
1/2-1/2

[Event "31.Schlosspark-Open"]
[Site "Wiesbaden-Biebrich"]
[Date "2019.08.25"]
[Round "7.67"]
[White "Krischak, Werner"]
[Black "Freund, Stefan"]
[Result "1-0"]
[WhiteElo "1738"]
[BlackElo "1601"]
[PlyCount "83"]
[EventDate "2019.??.??"]
[WhiteTeam "SK Marburg"]
[BlackTeam "TuS Dotzheim"]

1. d4 g6 2. Nf3 Bg7 3. c4 d6 4. Nc3 Bg4 5. e3 Nd7 6. Be2 Ngf6 7. e4 Bxf3 8.
Bxf3 e5 9. d5 O-O 10. Bg5 a6 11. Qd2 Qb8 12. Be2 Ne8 13. Be7 Nef6 14. Bxf8 Qxf8
15. g4 h6 16. h4 Nh7 17. O-O-O a5 18. Rdg1 a4 19. a3 Nc5 20. Bd1 Nf6 21. f3
Nfd7 22. Kb1 Nb6 23. Qe2 Nbd7 24. Bc2 Qb8 25. Ka2 Bf8 26. Nd1 Ra5 27. Ne3 b5
28. Qd2 Nb3 29. Bxb3 axb3+ 30. Kb1 Ra4 31. Qc3 Nc5 32. Kc1 Qb6 33. Kd2 Be7 34.
Ke2 Qa6 35. Rc1 Bd8 36. cxb5 Qxb5+ 37. Nc4 c6 38. Kf2 cxd5 39. Nxd6 Nxe4+ 40.
fxe4 Bb6+ 41. Kg3 Qe2 42. Rh2 1-0

[Event "31.Schlosspark-Open"]
[Site "Wiesbaden-Biebrich"]
[Date "2019.08.25"]
[Round "7.68"]
[White "Scholz, Benedict"]
[Black "Mang, Markus"]
[Result "1/2-1/2"]
[WhiteElo "1533"]
[BlackElo "1726"]
[PlyCount "47"]
[EventDate "2019.??.??"]
[WhiteTeam "SV Eichlinghofen"]
[BlackTeam "SG Kaiserslautern"]

1. e4 e6 2. d4 d5 3. Nd2 c5 4. exd5 Qxd5 5. Ndf3 Nc6 6. Ne2 Nf6 7. Nc3 Qd8 8.
Be3 cxd4 9. Nxd4 Nxd4 10. Qxd4 Qxd4 11. Bxd4 Bb4 12. a3 Ba5 13. b4 Bc7 14. Nb5
Bb8 15. Be2 a6 16. Nc3 e5 17. Bc5 Ba7 18. Na4 Bxc5 19. Nxc5 Nd7 20. Ne4 Ke7 21.
O-O f5 22. Ng3 Nf6 23. Bd3 f4 24. Ne4 1/2-1/2

[Event "31.Schlosspark-Open"]
[Site "Wiesbaden-Biebrich"]
[Date "2019.08.25"]
[Round "7.69"]
[White "Ziegler, Joerg"]
[Black "Probstfeld, Bernd"]
[Result "1-0"]
[WhiteElo "1726"]
[BlackElo "1573"]
[PlyCount "99"]
[EventDate "2019.??.??"]
[WhiteTeam "BKA Wiesbaden"]
[BlackTeam "SG Pieroth"]

1. e4 d6 2. d4 Nf6 3. Nc3 g6 4. h3 Bg7 5. Nf3 O-O 6. Be3 c6 7. a3 Nfd7 8. Qd2
e5 9. Bh6 b5 10. Bxg7 Kxg7 11. Rd1 Qc7 12. h4 Nf6 13. Be2 Bg4 14. Ng1 Bxe2 15.
Ngxe2 a5 16. Ng3 h5 17. Qg5 Nh7 18. Qe3 Nd7 19. O-O Nb6 20. b3 b4 21. axb4 axb4
22. Nce2 Nd7 23. f4 Ndf6 24. Qd2 Ng4 25. fxe5 dxe5 26. dxe5 Qxe5 27. Qxb4 Ne3
28. Qd4 Qxd4 29. Rxd4 Nxf1 30. Kxf1 Nf6 31. Nc3 Ng4 32. Ke2 Rfd8 33. Rc4 Ne5
34. Rc5 Rd7 35. Rxe5 Rad8 36. Nf1 Rd6 37. Rc5 Re6 38. Kf3 Rf6+ 39. Ke2 Re6 40.
Ng3 Red6 41. Nf1 Re6 42. Rc4 Rde8 43. Ng3 Rd8 44. Ke3 Red6 45. Nce2 Re8 46. Nd4
Red8 47. e5 Rd5 48. Ne4 Rxe5 49. Nxc6 Re6 50. Nxd8 1-0

[Event "31.Schlosspark-Open"]
[Site "Wiesbaden-Biebrich"]
[Date "2019.08.25"]
[Round "7.70"]
[White "Herrmann, Gerhard"]
[Black "Haftmann, Rainer"]
[Result "0-1"]
[WhiteElo "1554"]
[BlackElo "1725"]
[PlyCount "120"]
[EventDate "2019.??.??"]
[WhiteTeam "SC Königsspringer Alzenau"]
[BlackTeam "SG Dietzenbach"]

1. e4 e5 2. Nf3 Nc6 3. Bb5 a6 4. Ba4 Nf6 5. O-O b5 6. Bb3 Be7 7. Re1 O-O 8. c3
d6 9. h3 Na5 10. Bc2 c5 11. d4 Qc7 12. d5 h6 13. Nbd2 Bd7 14. Nf1 Rac8 15. b3
c4 16. b4 Nb7 17. Ng3 a5 18. a3 Ra8 19. Be3 Ra6 20. Rc1 axb4 21. axb4 Rfa8 22.
Nh2 Qc8 23. f4 exf4 24. Bxf4 g5 25. Be3 Nh7 26. Rf1 Bf6 27. Bd4 Be5 28. Bxe5
dxe5 29. Qf3 Rf6 30. Qh5 Raa6 31. Rxf6 Rxf6 32. Rf1 Qd8 33. Ng4 Qb6+ 34. Kh2
Bxg4 35. Qxg4 Rxf1 36. Nxf1 Kg7 37. Ng3 Nd6 38. Nf5+ Nxf5 39. Qxf5 Qf6 40. Bd1
Qxf5 41. exf5 Kf6 42. g4 Ke7 43. Kg2 Kd6 44. Bf3 Nf6 45. Kf2 e4 46. Bg2 Kxd5
47. Ke3 Ke5 48. Bf1 Nd5+ 49. Kd2 Kf4 50. Bg2 f6 51. Bf1 e3+ 52. Kc2 Kf3 53. Kd1
Nxc3+ 54. Ke1 e2 55. Bxe2+ Nxe2 56. h4 Ke3 57. hxg5 hxg5 58. Kd1 Kd3 59. Ke1 c3
60. Kf2 c2 0-1

[Event "31.Schlosspark-Open"]
[Site "Wiesbaden-Biebrich"]
[Date "2019.08.25"]
[Round "7.71"]
[White "Gerber, Ingo"]
[Black "Donecker, Stefan"]
[Result "1-0"]
[WhiteElo "1529"]
[BlackElo "1722"]
[PlyCount "53"]
[EventDate "2019.??.??"]
[WhiteTeam "SF Mainz"]
[BlackTeam "TuS Dotzheim"]

1. d4 Nf6 2. Bf4 c5 3. c3 cxd4 4. cxd4 Nh5 5. Bxb8 Rxb8 6. e3 g6 7. Nf3 Bg7 8.
Be2 O-O 9. O-O d6 10. Ng5 h6 11. Ne4 f5 12. Bxh5 gxh5 13. Ng3 h4 14. Nh5 e5 15.
Qb3+ Kh7 16. Nxg7 Kxg7 17. dxe5 dxe5 18. f4 e4 19. Rd1 Qe8 20. Rd6 Qe7 21. Qc3+
Rf6 22. Rxf6 Qxf6 23. Qc7+ Kg6 24. Nc3 Qb6 25. Qxb8 Qxb2 26. Qd6+ Kh5 27. Qd1+
1-0

[Event "31.Schlosspark-Open"]
[Site "Wiesbaden-Biebrich"]
[Date "2019.08.25"]
[Round "7.72"]
[White "Scheerer, Julian"]
[Black "Jakesevic, Ivan"]
[Result "1/2-1/2"]
[WhiteElo "1400"]
[BlackElo "1712"]
[PlyCount "87"]
[EventDate "2019.??.??"]
[WhiteTeam "SV Ffm-Griesheim"]
[BlackTeam "FC Bierstadt"]

1. e4 d6 2. d4 Nf6 3. Nc3 g6 4. h3 Bg7 5. Be3 Nbd7 6. Nf3 O-O 7. Bc4 e5 8. O-O
Re8 9. Re1 c6 10. a3 Qc7 11. Qd3 exd4 12. Bxd4 Ne5 13. Nxe5 dxe5 14. Be3 Be6
15. Bxe6 Rxe6 16. Rad1 Re7 17. Qe2 b6 18. Rd3 Rd8 19. Red1 Red7 20. R1d2 Rxd3
21. Rxd3 Rxd3 22. Qxd3 Qd7 23. Qxd7 Nxd7 24. Kf1 Kf8 25. Ke2 Ke7 26. Kd3 Kd6
27. b4 a6 28. Na4 b5 29. Nc5 Nxc5+ 30. Bxc5+ Ke6 31. c4 f5 32. f3 Bf6 33. cxb5
cxb5 34. Bf2 Bg5 35. Kc2 h5 36. g4 fxg4 37. fxg4 hxg4 38. hxg4 Kf7 39. Kd1 Kg7
40. Kc2 Kh6 41. Kd1 Bd8 42. Be3+ Bg5 43. Bf2 Bf4 44. Bh4 1/2-1/2

[Event "31.Schlosspark-Open"]
[Site "Wiesbaden-Biebrich"]
[Date "2019.08.25"]
[Round "7.73"]
[White "Hedrich, Gerd"]
[Black "Cichon, Joerg"]
[Result "1-0"]
[WhiteElo "1472"]
[BlackElo "1711"]
[PlyCount "98"]
[EventDate "2019.??.??"]
[WhiteTeam "Wiesbadener SV"]
[BlackTeam "SF Mainz"]

1. Nf3 g6 2. d4 Bg7 3. e4 d6 4. c3 Nf6 5. Bd3 b6 6. O-O O-O 7. h3 Bb7 8. Re1
Nbd7 9. Nbd2 e6 10. Nc4 Re8 11. e5 dxe5 12. Ncxe5 a6 13. Bg5 Qc8 14. Nxd7 Nxd7
15. Be4 Bxe4 16. Rxe4 Qb7 17. Qd3 h6 18. Bd2 Rad8 19. Rae1 Nc5 20. Qc2 Nxe4 21.
Rxe4 Qc6 22. Ne5 Bxe5 23. Rxe5 Kg7 24. Qc1 Rh8 25. Qe1 Qe8 26. Re4 Qe7 27. c4
Rhe8 28. Bc3 Kh7 29. d5 Qd7 30. Bf6 exd5 31. Re5 Rxe5 32. Qxe5 Re8 33. Qxd5
Qxd5 34. cxd5 Re1+ 35. Kh2 Rd1 36. Bd8 Rxd5 37. Bxc7 Rd2 38. b4 b5 39. Bb6 Rxa2
40. Kg3 Rc2 41. f3 f5 42. h4 Kg7 43. Kh3 Kf7 44. g3 Ke6 45. f4 h5 46. Bd8 Kd5
47. Ba5 Kc4 48. g4 fxg4+ 49. Kg3 Ra2 1-0

[Event "31.Schlosspark-Open"]
[Site "Wiesbaden-Biebrich"]
[Date "2019.08.25"]
[Round "7.74"]
[White "Baumgarten, Fred"]
[Black "Koepke, Carolina"]
[Result "1-0"]
[WhiteElo "1694"]
[BlackElo "1316"]
[PlyCount "79"]
[EventDate "2019.??.??"]
[WhiteTeam "SV Hennef"]
[BlackTeam "SV Oberursel"]

1. e4 e5 2. f4 Bc5 3. Nf3 exf4 4. d4 Bb6 5. Bxf4 d5 6. Nc3 Ne7 7. Bd3 O-O 8.
Ng5 h6 9. Nf3 Bg4 10. h3 Bxf3 11. Qxf3 Bxd4 12. Nb5 Bb6 13. Qg3 Ng6 14. Bxc7
Qh4 15. exd5 Qb4+ 16. c3 Qxb2 17. Rb1 Qxa2 18. Bxb6 axb6 19. O-O Na6 20. c4 Nc5
21. Bxg6 fxg6 22. Nd6 Qd2 23. Qxg6 Qd4+ 24. Kh1 Rxf1+ 25. Rxf1 Ra1 26. Qf7+ Kh7
27. Qf5+ Kg8 28. Rxa1 Qxa1+ 29. Kh2 Qf6 30. Qxf6 gxf6 31. Nc8 Nd7 32. Kg3 Kg7
33. Kf4 Kg6 34. g4 Kg7 35. Kf5 Ne5 36. Nxb6 Kf7 37. d6 Nxc4 38. Nxc4 b5 39. Na5
b4 40. h4 1-0

[Event "31.Schlosspark-Open"]
[Site "Wiesbaden-Biebrich"]
[Date "2019.08.25"]
[Round "7.75"]
[White "Berdyga, Mariusz"]
[Black "Schellen, Sven"]
[Result "1-0"]
[WhiteElo "1348"]
[BlackElo "1855"]
[PlyCount "49"]
[EventDate "2019.??.??"]
[WhiteTeam "CKR SSz Grójec"]
[BlackTeam "SV Frankfurt Nord"]

1. e4 Nf6 2. e5 Nd5 3. Nc3 Nb6 4. d4 d6 5. f4 dxe5 6. fxe5 Bf5 7. a4 a5 8. g4
Bg6 9. Bg2 Nc6 10. Nf3 e6 11. O-O Nb4 12. Ne1 c6 13. Ne4 Be7 14. c3 Na6 15. Nd3
h5 16. Nf4 Bxe4 17. Bxe4 hxg4 18. Qxg4 Qd7 19. Qxg7 O-O-O 20. Qxf7 Rdg8+ 21.
Kh1 Nc7 22. Ng6 Rxg6 23. Qxg6 Nbd5 24. Rf7 Qd8 25. Bd2 1-0

[Event "31.Schlosspark-Open"]
[Site "Wiesbaden-Biebrich"]
[Date "2019.08.25"]
[Round "7.76"]
[White "Spiegel, Nina"]
[Black "Kuenitz, Klaus"]
[Result "1/2-1/2"]
[WhiteElo "1593"]
[BlackElo "1787"]
[PlyCount "53"]
[EventDate "2019.??.??"]
[WhiteTeam "Sfr. Wiesbaden"]
[BlackTeam "TSV Schott Mainz"]

1. e4 e5 2. Nf3 Nc6 3. Bc4 Be7 4. O-O Nf6 5. d3 O-O 6. c3 d6 7. Bb3 Bg4 8. h3
Bh5 9. Nbd2 d5 10. exd5 Nxd5 11. Ne4 Nf6 12. Ng3 Bg6 13. Bc2 h6 14. Be3 Qd7 15.
Qe2 Rad8 16. Rfd1 Rfe8 17. b4 a6 18. a4 Nd5 19. Qd2 Bf6 20. Ne4 Bxe4 21. dxe4
Nb6 22. Qxd7 Nxd7 23. Rab1 Nf8 24. b5 axb5 25. axb5 Rxd1+ 26. Rxd1 Nb8 27. Nd2
1/2-1/2

[Event "31.Schlosspark-Open"]
[Site "Wiesbaden-Biebrich"]
[Date "2019.08.25"]
[Round "7.77"]
[White "Muenstermann, Matthias"]
[Black "Witt, Alexander"]
[Result "1-0"]
[WhiteElo "1691"]
[BlackElo "1554"]
[PlyCount "47"]
[EventDate "2019.??.??"]
[WhiteTeam "SK Langen"]
[BlackTeam "Vorw.Orient Mainz"]

1. d4 d5 2. c4 e6 3. Nf3 Nf6 4. Bg5 Be7 5. Nc3 Nbd7 6. e3 O-O 7. Bd3 dxc4 8.
Bxc4 Nb6 9. Be2 Nbd5 10. O-O a6 11. Nxd5 exd5 12. Rc1 h6 13. Bf4 Bd6 14. Bxd6
Qxd6 15. Qc2 c6 16. a3 Be6 17. b4 Rac8 18. Qb3 Ne4 19. Bd3 Bg4 20. Bxe4 dxe4
21. Ne5 Be6 22. Qc2 Bd5 23. Nc4 f5 24. Nxd6 1-0

[Event "31.Schlosspark-Open"]
[Site "Wiesbaden-Biebrich"]
[Date "2019.08.25"]
[Round "7.78"]
[White "Breitbach, Stephan"]
[Black "Schmidt, Joerg"]
[Result "0-1"]
[WhiteElo "1653"]
[BlackElo "1490"]
[PlyCount "70"]
[EventDate "2019.??.??"]
[WhiteTeam "SC Landskrone"]
[BlackTeam "SK Niederbrechen"]

1. Nf3 d5 2. d4 Nf6 3. g3 Bf5 4. Bg2 Nbd7 5. O-O e6 6. Bf4 c5 7. Nc3 Qb6 8. Na4
Qb4 9. c3 Qb5 10. Re1 Rc8 11. Nh4 Bg6 12. Nxg6 hxg6 13. b3 Be7 14. Rc1 O-O 15.
Bf1 Qa5 16. dxc5 b5 17. cxb6 axb6 18. b4 Qa7 19. Qb3 b5 20. Nb2 Ne4 21. Be3 Qb7
22. f3 Nd6 23. a4 Nf5 24. Bf2 Ne5 25. Kg2 Bf6 26. axb5 Nd6 27. Bc5 Rfd8 28.
Bxd6 Rxd6 29. e4 dxe4 30. Rxe4 Rd2+ 31. Be2 Rxe2+ 32. Rxe2 Qxf3+ 33. Kh3 Qg4+
34. Kg2 Qxe2+ 35. Kh3 g5 0-1

[Event "31.Schlosspark-Open"]
[Site "Wiesbaden-Biebrich"]
[Date "2019.08.25"]
[Round "7.79"]
[White "Sitta, Stefan"]
[Black "Emrich, Franz"]
[Result "1/2-1/2"]
[WhiteElo "1613"]
[BlackElo "1439"]
[PlyCount "39"]
[EventDate "2019.??.??"]
[WhiteTeam "Sfr. Wiesbaden"]
[BlackTeam "SC Lambsheim"]

1. e4 e6 2. d3 d5 3. Nd2 dxe4 4. dxe4 Nf6 5. Ngf3 Be7 6. Bd3 Bd7 7. O-O O-O 8.
e5 Nd5 9. Ne4 h6 10. Ne1 f5 11. Ng3 Be8 12. Be2 Bg5 13. f4 Bh4 14. Nf3 Bxg3 15.
hxg3 Nd7 16. Nd4 Qe7 17. Nf3 Bh5 18. Nh4 Bxe2 19. Qxe2 Qf7 20. c4 1/2-1/2

[Event "31.Schlosspark-Open"]
[Site "Wiesbaden-Biebrich"]
[Date "2019.08.25"]
[Round "7.80"]
[White "Lehmann, Wolfgang"]
[Black "Zimmer, Mireille E"]
[Result "1-0"]
[WhiteElo "1599"]
[BlackElo "1020"]
[PlyCount "55"]
[EventDate "2019.??.??"]
[WhiteTeam "Wiesbadener SV"]

{[%evp 0,55,23,39,43,-11,39,39,30,31,37,37,36,56,40,45,33,33,50,48,34,45,41,41,
199,198,212,215,344,333,542,532,535,534,657,587,637,608,612,618,661,601,681,
703,891,901,1087,1096,1200,1220,1771,1222,1208,1355,1383,1036,1673,1043]} 1. d4
Nf6 2. c4 g6 3. Nf3 Bg7 4. Nc3 d6 5. e4 Bg4 6. Be2 Nbd7 7. O-O O-O 8. Be3 Bxf3
9. Bxf3 e5 10. dxe5 Nxe5 11. Be2 c6 12. f4 Bh6 13. Kh1 Kh8 14. fxe5 Ng8 15.
Bxh6 Nxh6 16. exd6 Qd7 17. c5 f5 18. exf5 gxf5 19. Bd3 Ng4 20. Qf3 Nh6 21. Rae1
Rf7 22. Qf4 Rg8 23. Qxh6 Rg6 24. Qe3 Rgf6 25. Qe8+ Qxe8 26. Rxe8+ Kg7 27. Rfe1
Rh6 28. R1e7 1-0